LIBRARY & INFORMATION CENTRE, KCAET, TAVANUR

ONLINE PUBLIC ACCESS CATALOGUE (OPAC)

Design and craft / (Record no. 10072)

MARC details
000 -LEADER
fixed length control field 00368cam a2200157ua 4500
003 - CONTROL NUMBER IDENTIFIER
control field OSt
008 - FIXED-LENGTH DATA ELEMENTS--GENERAL INFORMATION
fixed length control field 240217b |||||||| |||| 00| 0 eng d
041 ## - LANGUAGE CODE
Language code of text/sound track or separate title eng
082 ## - DEWEY DECIMAL CLASSIFICATION NUMBER
Classification number 620.0042
Item number YAR/DE
100 ## - MAIN ENTRY--AUTHOR NAME
Personal name Yarwood, A .
245 ## - TITLE STATEMENT
Title Design and craft /
260 ## - PUBLICATION, DISTRIBUTION, ETC. (IMPRINT)
Place of publication :
Name of publisher Hodder and stoughton.
300 ## - PHYSICAL DESCRIPTION
Number of Pages 160 ; .
700 1# - ADDED ENTRY--PERSONAL NAME
Personal name Dunn, S .
942 ## - ADDED ENTRY ELEMENTS (KOHA)
Koha item type Books
Holdings
Withdrawn status Lost status Damaged status Home library Current library Date acquired Full call number Accession Number Koha item type
      KAUAET KAUAET 07/04/2012 620.0042 YAR/DE 15756 Books
free website counter